Joueurs qui ont joué avec Lebron James - Mort Subite - Statistiques

Statistiques générales
  • Ce quiz a été pris 208 fois
  • Le résultat moyen est 8 sur 16
Answers on the Grid
Answers color-coded by a green-red scale on the quiz's grid according to % correct below.
Anthony Davis
Chris Bosh
Dwyane Wade
Dwight Howard
Kyrie Irving
Kevin Love
Carmelo Anthony
Ray Allen
Russell Westbrook
Shaquille O'Neal
Rajon Rondo
Derrick Rose
Carlos Boozer
DeAndre Jordan
Ben Wallace
Marc Gasol
Julius Randle
Grant Hill
Chris Paul
Peja Stojakovic
LaMarcus Aldridge
Blake Griffin
Kobe Bryant
Jimmy Butler
DeMar DeRozan
Kevin Durant
Stephen Curry
Allen Iverson
Draymond Green
James Harden
Kawhi Leonard
Kevin Garnett
 
Statistiques - réponses
Réponse % Correct
Dwyane Wade
78%
Kevin Love
74%
Anthony Davis
72%
Kyrie Irving
71%
Chris Bosh
65%
Ray Allen
55%
Dwight Howard
50%
Russell Westbrook
48%
Carmelo Anthony
44%
Rajon Rondo
43%
Shaquille O'Neal
41%
Derrick Rose
29%
Carlos Boozer
25%
DeAndre Jordan
23%
Marc Gasol
22%
Ben Wallace
15%
Aucun quiz correspondant
Distribution des résultats
% des personnes avec chaque résultat
Percentile par nombre de réponses
Votre historique - résultats
Vous n’avez pas pris ce quiz